[Event "Montevideo Trebejos op 10"]
[Site "Montevideo"]
[Date "2017.10.19"]
[Round "5"]
[White "Pias Barreto, Horacio"]
[Black "Ponce, Leonardo"]
[Result "1-0"]
[WhiteElo "1818"]
[BlackElo "1691"]
[PlyCount "105"]
[EventDate "2017.10.03"]
[EventType "swiss"]
[EventRounds "6"]
[EventCountry "URU"]
[SourceTitle "CBM 181 Extra"]
[Source "ChessBase"]
[SourceDate "2017.12.12"]
[SourceVersion "1"]
[SourceVersionDate "2017.12.12"]
[SourceQuality "1"]

1. e4 e6 2. d4 d5 3. e5 c5 4. c3 Nc6 5. Nf3 Qb6 6. Bd3 Bd7 7. Bc2 Rc8 8. 0-0 cxd4 9. cxd4 Nge7 10. Nc3 Ng6 11. a3 Na5 12. Na4 Qc6 13. Nc5 Bxc5 14. dxc5 Nc4 15. Bxg6 hxg6 16. b3 Na5 17. b4 Nc4 18. Nd4 Qc7 19. f4 b6 20. Nb3 Ba4 21. cxb6 Qxb6+ 22. Kh1 Ne3 23. Bxe3 Qxe3 24. Rf3 Qe4 25. Qd3 Qxd3 26. Rxd3 Rc4 27. Nc5 Bc2 28. Rd2 Bf5 29. g3 Rc3 30. Kg1 Ke7 31. Na4 Rc4 32. Nc5 Rc8 33. Rdd1 a5 34. Nb7 Ra8 35. Nxa5 Rc3 36. Rdc1 Rac8 37. Rxc3 Rxc3 38. b5 Kd7 39. Nc6 Kc7 40. a4 Be4 41. a5 Rc2 42. a6 Rg2+ 43. Kf1 Rxh2 44. Ra3 Bd3+ 45. Kg1 Bxb5 46. Kxh2 Bxc6 47. a7 Ba8 48. Kg2 Kc6 49. Kf2 d4 50. Ke2 Kc5 51. Ra6 Kd5 52. Rd6+ Ke4 53. Rd8 1-0

[Event "Montevideo Trebejos op 10"]
[Site "Montevideo"]
[Date "2017.10.03"]
[Round "1"]
[White "Pias Barreto, Horacio"]
[Black "Savino, Horacio"]
[Result "1/2-1/2"]
[WhiteElo "1818"]
[BlackElo "1848"]
[PlyCount "93"]
[EventDate "2017.10.03"]
[EventType "swiss"]
[EventRounds "6"]
[EventCountry "URU"]
[SourceTitle "CBM 181 Extra"]
[Source "ChessBase"]
[SourceDate "2017.12.12"]
[SourceVersion "1"]
[SourceVersionDate "2017.12.12"]
[SourceQuality "1"]

1. d4 Nf6 2. c4 e6 3. Nc3 d5 4. e3 c6 5. Bd3 Nbd7 6. Nge2 Bd6 7. Bd2 0-0 8. Ng3 e5 9. 0-0 exd4 10. exd4 dxc4 11. Bxc4 Nb6 12. Bb3 Bg4 13. Qc2 Bxg3 14. hxg3 Qxd4 15. Be3 Qe5 16. Bf4 Qh5 17. Ne4 Nbd5 18. Nxf6+ Nxf6 19. f3 Rfe8 20. Rfe1 Be6 21. Bxe6 Rxe6 22. Rxe6 fxe6 23. Qb3 Qf7 24. g4 Re8 25. Re1 Nxg4 26. fxg4 Qxf4 27. Rxe6 Rxe6 28. Qxe6+ Qf7 29. Qc8+ Qf8 30. Qxb7 Qc5+ 31. Kh2 h6 32. Qc8+ Kh7 33. Qf5+ Qxf5 34. gxf5 Kg8 35. Kg3 Kf7 36. Kf4 Kf6 37. b4 h5 38. a4 a6 39. g3 g6 40. fxg6 Kxg6 41. Ke5 Kg5 42. Kd6 Kg4 43. Kxc6 Kxg3 44. b5 axb5 45. axb5 h4 46. b6 h3 47. b7 1/2-1/2